[Event "XIX Autunno Scacchistico Magistrale"]
[Site "Venezia ITA"]
[Date "2013.11.03"]
[Round "4"]
[White "Simonetto, Adriano"]
[Black "Capaliku, Aleks"]
[Result "1-0"]
[WhiteElo "2067"]
[BlackElo "2112"]
[PlyCount "97"]
[EventDate "2013.11.01"]

1. d4 d5 2. c4 c6 3. Nf3 e6 4. Bg5 Be7 5. Bxe7 Qxe7 6. e3 f5 7. Nbd2 Nf6 8. g3
O-O 9. Bg2 Nbd7 10. O-O Ne4 11. Qc2 Ndf6 12. Ne5 Nxd2 13. Qxd2 Ng4 14. Nxg4
fxg4 15. Qe2 h5 16. f4 Qf6 17. Rad1 b6 18. Rfe1 Bb7 19. e4 dxe4 20. Qxe4 Rfe8
21. Bf1 g6 22. c5 b5 23. Bxb5 cxb5 24. Qxb7 a6 25. Re5 Qe7 26. Qc6 Kf7 27. d5
Rac8 28. dxe6+ Kf6 29. Qd7 Red8 30. Qxe7+ Kxe7 31. Rd7+ Rxd7 32. exd7+ Kxd7 33.
b4 Rc6 34. Kf2 Rf6 35. Ke3 a5 36. a3 axb4 37. axb4 Ra6 38. Rd5+ Kc7 39. Rd6
Ra3+ 40. Kd4 Rb3 41. Rxg6 Rxb4+ 42. Kd5 Rb2 43. Rg7+ Kb8 44. Kc6 b4 45. Kb6 Kc8
46. c6 Rd2 47. Rg8+ Rd8 48. Rxd8+ Kxd8 49. Kb7 1-0

[Event "XIX Autunno Scacchistico Magistrale"]
[Site "Venezia ITA"]
[Date "2013.11.03"]
[Round "4"]
[White "Dorigo, Tommaso"]
[Black "Zuttioni, Federico"]
[Result "0-1"]
[WhiteElo "1998"]
[BlackElo "2093"]
[PlyCount "105"]
[EventDate "2013.11.01"]

1. e4 d6 2. d4 g6 3. Bd3 Bg7 4. c3 e5 5. Be3 Nf6 6. Nf3 Nc6 7. h3 O-O 8. Qd2 d5
9. exd5 Nxd5 10. O-O Re8 11. Bc2 Nxe3 12. fxe3 Be6 13. Na3 Bh6 14. Qf2 exd4 15.
exd4 Bxa2 16. Ne5 Nxe5 17. Rxa2 Qd5 18. b3 Ng4 19. c4 Nxf2 20. cxd5 Ne4 21. Nb5
Rad8 22. Nxc7 Re7 23. Bxe4 Be3+ 24. Kh1 Bxd4 25. Bxg6 hxg6 26. Nb5 Rxd5 27.
Nxd4 Rxd4 28. Rxa7 Rb4 29. Rf3 Re1+ 30. Kh2 Rb1 31. Ra3 Rb2 32. Kg3 Kg7 33. Rd3
Kh6 34. Kf3 Kg5 35. g3 f5 36. Rc3 Rd4 37. h4+ Kf6 38. Ra7 Rb4 39. Ra3 Rb5 40.
Re3 Rd5 41. Ra1 Rdd2 42. Rf1 Rh2 43. Rd3 Rhd2 44. Re3 g5 45. hxg5+ Kxg5 46. Rc3
Rbc2 47. Rxc2 Rxc2 48. Rd1 Rc3+ 49. Kg2 Rxb3 50. Rd8 b5 51. Rg8+ Kf6 52. Kh3
Rb2 53. g4 0-1

[Event "XIX Autunno Scacchistico Magistrale"]
[Site "Venezia ITA"]
[Date "2013.11.03"]
[Round "4"]
[White "Redo, Giorgio"]
[Black "Pesco, Giuseppe"]
[Result "1-0"]
[WhiteElo "2090"]
[BlackElo "1936"]
[PlyCount "59"]
[EventDate "2013.11.01"]

1. f4 Nf6 2. Nf3 g6 3. b3 Bg7 4. Bb2 d6 5. e3 c5 6. Bb5+ Bd7 7. Bxd7+ Qxd7 8.
O-O O-O 9. Qe1 Nc6 10. d3 Nb4 11. Qd2 b5 12. a3 Nbd5 13. e4 Nb6 14. Nc3 b4 15.
Nd1 a5 16. a4 Qg4 17. Nf2 Qh5 18. Bxf6 Bxf6 19. g4 Qh6 20. g5 Qh5 21. gxf6 Qxf3
22. fxe7 Rfe8 23. f5 Rxe7 24. Qg5 Ree8 25. Ng4 Qh3 26. Rf4 Nd7 27. Nh6+ Kg7 28.
fxg6 f6 29. Nf5+ Kh8 30. g7+ 1-0

[Event "XIX Autunno Scacchistico Magistrale"]
[Site "Venezia ITA"]
[Date "2013.11.03"]
[Round "4"]
[White "Ceschia, Ivano"]
[Black "Faccia, Sergio"]
[Result "1-0"]
[WhiteElo "2244"]
[BlackElo "2037"]
[PlyCount "81"]
[EventDate "2013.11.01"]

1. e4 e5 2. Nf3 Nc6 3. d4 exd4 4. Nxd4 Bc5 5. Nb3 Bb6 6. Nc3 d6 7. Qe2 a5 8.
Nd5 Ba7 9. a4 Nge7 10. Bg5 f6 11. Qh5+ Ng6 12. Bd2 O-O 13. Bc4 Kh8 14. O-O Re8
15. Rae1 Nce5 16. Be2 c6 17. Nc3 Be6 18. Kh1 Nc4 19. Bc1 Qd7 20. f4 Bf7 21. Bg4
Qc7 22. Qh3 d5 23. exd5 cxd5 24. Be6 Bxe6 25. Rxe6 Qd7 26. Rfe1 Rxe6 27. Qxe6
Qxe6 28. Rxe6 h6 29. Nxd5 Rd8 30. Nc3 Kg8 31. g3 Kf7 32. Re4 Nd6 33. Re1 Nc4
34. Rd1 Rxd1+ 35. Nxd1 Ne7 36. Kg2 f5 37. Kf3 Nd5 38. Ke2 b6 39. Kd3 Nd6 40. c3
Ne4 41. Nd4 1-0

[Event "XIX Autunno Scacchistico Magistrale"]
[Site "Venezia ITA"]
[Date "2013.11.03"]
[Round "5"]
[White "Basso, Pier Luigi"]
[Black "Mileto, Gabriele"]
[Result "1-0"]
[WhiteElo "2271"]
[BlackElo "2140"]
[PlyCount "105"]
[EventDate "2013.11.01"]

1. e4 e5 2. Nf3 Nc6 3. d4 exd4 4. Bc4 Bc5 5. O-O Nf6 6. e5 d5 7. exf6 dxc4 8.
fxg7 Rg8 9. Re1+ Be6 10. Bg5 Be7 11. Bxe7 Kxe7 12. Re4 Qd7 13. Nxd4 Rad8 14. c3
Qd5 15. Qg4 Nxd4 16. Qh4+ f6 17. cxd4 Qg5 18. Qxg5 fxg5 19. d5 Rxd5 20. Nc3 Rd6
21. Nb5 Rb6 22. Nxc7 Kf6 23. Nxe6 Rxe6 24. Rxc4 Rxg7 25. Rac1 Re2 26. R4c2 Rxc2
27. Rxc2 Rd7 28. h3 h5 29. g3 Rd5 30. Kg2 Ra5 31. b3 Rb5 32. Kf3 a5 33. Rc7 a4
34. Rc3 axb3 35. Rxb3 Ra5 36. Rb6+ Kf5 37. g4+ hxg4+ 38. hxg4+ Ke5 39. Kg3 Ra6
40. Rxa6 bxa6 41. a4 a5 42. Kf3 Kd4 43. Ke2 Ke4 44. f3+ Kd5 45. Kd3 Ke5 46. Ke3
Kd5 47. f4 gxf4+ 48. Kxf4 Ke6 49. Kg5 Kf7 50. Kh6 Kg8 51. Kg6 Kh8 52. g5 Kg8
53. Kh6 1-0

[Event "XIX Autunno Scacchistico Magistrale"]
[Site "Venezia ITA"]
[Date "2013.11.03"]
[Round "5"]
[White "Mrdja, Milan"]
[Black "Genocchio, Daniele"]
[Result "1/2-1/2"]
[WhiteElo "2388"]
[BlackElo "2411"]
[PlyCount "148"]
[EventDate "2013.11.01"]

1. e4 e5 2. Nf3 Nc6 3. Bb5 a6 4. Ba4 Nf6 5. O-O Be7 6. Re1 b5 7. Bb3 d6 8. c3
O-O 9. d4 Bg4 10. Be3 exd4 11. cxd4 d5 12. e5 Ne4 13. Nc3 Nxc3 14. bxc3 Bf5 15.
Nd2 Na5 16. Qf3 Be6 17. Bc2 Nc4 18. Bf4 Qd7 19. Nf1 c6 20. Rad1 Na3 21. Bd3 Bf5
22. Bxf5 Qxf5 23. Ne3 Qg6 24. h3 Rae8 25. Kh1 Nc2 26. Re2 Nxe3 27. Qxe3 Qe6 28.
a4 Rc8 29. axb5 axb5 30. Ra2 Qg6 31. Qg3 Qe4 32. Be3 Bd8 33. Qg4 f5 34. exf6
Qxg4 35. hxg4 Bxf6 36. g3 Rfe8 37. Kg2 Re6 38. Ra6 Rce8 39. Rda1 Bd8 40. Ra8 h6
41. Rc8 Bf6 42. Rxe8+ Rxe8 43. Ra6 Rc8 44. Rb6 Bd8 45. Rb7 Bc7 46. Bf4 Bxf4 47.
gxf4 Kf8 48. Rb6 Rc7 49. f5 Ke7 50. Kg3 Kd6 51. Rb8 Re7 52. Rg8 Ra7 53. Kf4 Re7
54. f3 Ra7 55. Kg3 Rf7 56. Kf2 Re7 57. Kg3 Rd7 58. Kh4 c5 59. Rb8 cxd4 60. cxd4
Kc6 61. f4 Rb7 62. Rc8+ Rc7 63. Rb8 Rb7 64. Rxb7 Kxb7 65. g5 hxg5+ 66. fxg5 b4
67. f6 gxf6 68. gxf6 b3 69. f7 b2 70. f8=Q b1=Q 71. Qe7+ Kc6 72. Qe6+ Kc7 73.
Qxd5 Qe1+ 74. Kg4 Qe2+ 1/2-1/2

[Event "XIX Autunno Scacchistico Magistrale"]
[Site "Venezia ITA"]
[Date "2013.11.03"]
[Round "5"]
[White "Negro, Roberto"]
[Black "Sorbera, Giovanni"]
[Result "1/2-1/2"]
[WhiteElo "2172"]
[BlackElo "2154"]
[PlyCount "114"]
[EventDate "2013.11.01"]

1. c4 Nf6 2. g3 e5 3. Bg2 Nc6 4. Nc3 Bb4 5. Nd5 Nxd5 6. cxd5 Ne7 7. Nf3 Bd6 8.
e4 O-O 9. d4 f6 10. O-O b6 11. Be3 Ba6 12. Re1 Kh8 13. Qb3 Qe8 14. Rad1 Qg6 15.
Qa4 Bc8 16. Nd2 a6 17. Qb3 a5 18. a3 Ba6 19. Nc4 Bxc4 20. Qxc4 Rfc8 21. Qc1 Rf8
22. Qc3 Qh5 23. Qd2 Ng6 24. Rc1 Rae8 25. Qd1 Qxd1 26. Rexd1 f5 27. exf5 exd4
28. Bxd4 Rxf5 29. Re1 Rxe1+ 30. Rxe1 Ne7 31. Bc3 Kg8 32. Bh3 Rxd5 33. Bxd7 Rd3
34. Bb5 Rf3 35. Kg2 Rf8 36. Bc4+ Kh8 37. f4 Rb8 38. Ba2 Nc6 39. f5 Rf8 40. g4
b5 41. Bd5 b4 42. axb4 Nxb4 43. Be4 c5 44. Rd1 Be7 45. Rd7 Bf6 46. Bxf6 gxf6
47. Ra7 Rd8 48. Rxa5 Rd2+ 49. Kg3 Rxb2 50. Bf3 Rc2 51. Rb5 Rc1 52. Rb7 Nd3 53.
Bd5 h5 54. gxh5 Rg1+ 55. Bg2 Ne1 56. Kf2 Rxg2+ 57. Kxe1 Rxh2 1/2-1/2

[Event "XIX Autunno Scacchistico Magistrale"]
[Site "Venezia ITA"]
[Date "2013.11.03"]
[Round "5"]
[White "Loetscher, Roland"]
[Black "Boraso, Alessio"]
[Result "1-0"]
[WhiteElo "2414"]
[BlackElo "2098"]
[PlyCount "61"]
[EventDate "2013.11.01"]

1. d4 Nf6 2. c4 g6 3. Nc3 Bg7 4. g3 O-O 5. Bg2 d6 6. Nf3 a6 7. O-O Nc6 8. Bf4
Nd7 9. Rc1 e5 10. Bg5 f6 11. Be3 Ne7 12. dxe5 dxe5 13. Qd2 Nf5 14. Rfd1 c6 15.
Bc5 Rf7 16. Ne4 b6 17. Ba3 c5 18. g4 Bb7 19. gxf5 Bxe4 20. Nxe5 fxe5 21. Bxe4
gxf5 22. Bd5 Ra7 23. Bxf7+ Kxf7 24. Qd5+ Kf8 25. Qd6+ Kf7 26. Qd5+ Kf8 27. Qe6
Qg5+ 28. Kh1 Qf4 29. b4 e4 30. bxc5 Be5 31. cxb6+ 1-0

[Event "XIX Autunno Scacchistico Magistrale"]
[Site "Venezia ITA"]
[Date "2013.11.03"]
[Round "5"]
[White "Gallo, Enrico"]
[Black "Zamengo, Fulvio"]
[Result "0-1"]
[WhiteElo "2107"]
[BlackElo "2116"]
[PlyCount "44"]
[EventDate "2013.11.01"]

1. e4 e6 2. d4 d5 3. Nd2 Be7 4. e5 c5 5. c3 Nc6 6. Nb3 cxd4 7. cxd4 Nh6 8. Bd3
Qb6 9. Ne2 Bd7 10. O-O f6 11. Nc5 fxe5 12. Nxd7 Kxd7 13. dxe5 Ng4 14. Nf4 Nxf2
15. Rxf2 Bc5 16. Qe2 Rhf8 17. Nh3 Rxf2 18. Nxf2 Rf8 19. Kh1 Rxf2 20. Qg4 g6 21.
Bf4 Qb4 22. g3 Qxb2 0-1

[Event "XIX Autunno Scacchistico Magistrale"]
[Site "Venezia ITA"]
[Date "2013.11.03"]
[Round "5"]
[White "Dappiano, Andrea"]
[Black "Simonetto, Adriano"]
[Result "0-1"]
[WhiteElo "2194"]
[BlackElo "2067"]
[PlyCount "63"]
[EventDate "2013.11.01"]

1. c4 e6 2. g3 d5 3. Bg2 Nf6 4. Nf3 dxc4 5. Na3 Bxa3 6. bxa3 O-O 7. Qc2 Nc6 8.
Bb2 Re8 9. Ng5 h6 10. h4 e5 11. Qxc4 Be6 12. Nxe6 Rxe6 13. O-O Qxd2 14. Bc3 Qc2
15. Rfc1 Qf5 16. Rab1 Ng4 17. Bf3 e4 18. Bxg4 Qxg4 19. Rxb7 Rc8 20. Rb5 Ne7 21.
Qd4 Rd6 22. Qe5 Re6 23. Qh5 Qxh5 24. Rxh5 f5 25. g4 Rc6 26. Bb2 Rxc1+ 27. Bxc1
Rd8 28. Be3 a6 29. gxf5 Rd5 30. f6 Rxh5 31. fxe7 Kf7 32. Bf4 0-1

[Event "XIX Autunno Scacchistico Magistrale"]
[Site "Venezia ITA"]
[Date "2013.11.03"]
[Round "5"]
[White "Guerra, Alessandro"]
[Black "Bianchi, Andrea"]
[Result "1/2-1/2"]
[WhiteElo "2226"]
[BlackElo "2164"]
[PlyCount "132"]
[EventDate "2013.11.01"]

1. b3 e5 2. Bb2 d6 3. e3 Nf6 4. d4 exd4 5. exd4 d5 6. Nf3 g6 7. Bd3 Nh5 8. O-O
Be7 9. c4 c6 10. Re1 O-O 11. Nc3 Be6 12. Ne5 Nd7 13. cxd5 cxd5 14. Be2 Ndf6 15.
Bf3 Re8 16. Qd2 Qd6 17. a4 Qd8 18. g4 Ng7 19. h3 Rc8 20. Ba3 Qa5 21. Bxe7 Rxe7
22. Ne4 Qxd2 23. Nxd2 Rc2 24. Re2 Rec7 25. Nd3 R7c3 26. Ne1 Rc1 27. Rxc1 Rxc1
28. Kg2 a5 29. Re3 b6 30. Nd3 Rc2 31. Re2 Rc3 32. Ne5 g5 33. Re3 Rc2 34. Nb1
Nge8 35. Nc3 Nd6 36. Nc6 Kf8 37. Nd8 Bd7 38. Nxd5 Nxd5 39. Bxd5 Rc8 40. Nb7 Ne8
41. Kg3 Bc6 42. Bxc6 Rxc6 43. d5 Rc7 44. Nd8 Rd7 45. Nc6 Rxd5 46. Ne7 Rc5 47.
Nf5 Ng7 48. Nd4 Rd5 49. Re4 f5 50. Nxf5 Nxf5+ 51. gxf5 Rxf5 52. Re6 b5 53. Kg4
Rd5 54. Rf6+ Kg7 55. Rb6 bxa4 56. bxa4 h6 57. Kh5 Rd3 58. Rb7+ Kf6 59. Rb6+ Kg7
60. Rg6+ Kf7 61. Rxh6 Rxh3+ 62. Kxg5 Rf3 63. Rh2 Ke6 64. Rh6+ Kd5 65. Ra6 Rxf2
66. Rxa5+ Kd6 1/2-1/2

[Event "XIX Autunno Scacchistico Magistrale"]
[Site "Venezia ITA"]
[Date "2013.11.03"]
[Round "5"]
[White "Zuttioni, Federico"]
[Black "Redo, Giorgio"]
[Result "1-0"]
[WhiteElo "2093"]
[BlackElo "2090"]
[PlyCount "57"]
[EventDate "2013.11.01"]

1. e4 Nc6 2. Nc3 e5 3. f4 d6 4. Bb5 Bd7 5. d3 Nf6 6. Nf3 exf4 7. Bxf4 Be7 8.
O-O O-O 9. d4 a6 10. Be2 b5 11. d5 Nb8 12. b4 Ng4 13. h3 Bf6 14. Qd2 Bxc3 15.
Qxc3 Qf6 16. Qd2 Ne5 17. Kh2 Nxf3+ 18. Bxf3 h6 19. Rae1 Re8 20. Bh5 Re7 21. e5
dxe5 22. Bxe5 Qh4 23. Bxg7 Kxg7 24. Rxe7 Qxe7 25. Rxf7+ Qxf7 26. Bxf7 Kxf7 27.
Qf4+ Ke7 28. d6+ Kd8 29. Qf8+ 1-0

[Event "XIX Autunno Scacchistico Magistrale"]
[Site "Venezia ITA"]
[Date "2013.11.03"]
[Round "5"]
[White "Vianello, Enrico"]
[Black "Santolini, Luigi"]
[Result "0-1"]
[WhiteElo "2157"]
[BlackElo "2104"]
[PlyCount "68"]
[EventDate "2013.11.01"]

1. Nf3 Nf6 2. c4 c5 3. Nc3 d6 4. g3 b6 5. Bg2 Bb7 6. O-O g6 7. e3 Bg7 8. d4
cxd4 9. exd4 O-O 10. b3 Nbd7 11. Bb2 Rc8 12. Rc1 Qc7 13. Re1 Rfe8 14. d5 a6 15.
Ne2 b5 16. cxb5 Qa5 17. bxa6 Bxd5 18. Nc3 Bxf3 19. Qxf3 Qxa6 20. Na4 e6 21. Qb7
Rxc1 22. Qxa6 Rxe1+ 23. Bf1 Ne4 24. Bxg7 Kxg7 25. Qc6 Ndf6 26. Qc2 Ng4 27. Nb2
Ngxf2 28. Nd3 Nxd3 29. Qxd3 Rc8 30. Kg2 Rc3 31. Qd4+ e5 32. Qb4 Rc2+ 33. Kf3
Ng5+ 34. Kg4 Re4+ 0-1

[Event "XIX Autunno Scacchistico Magistrale"]
[Site "Venezia ITA"]
[Date "2013.11.03"]
[Round "5"]
[White "Capaliku, Aleks"]
[Black "Ceschia, Ivano"]
[Result "1-0"]
[WhiteElo "2112"]
[BlackElo "2244"]
[PlyCount "67"]
[EventDate "2013.11.01"]

1. d4 Nf6 2. Bg5 c5 3. e3 Ne4 4. Bh4 Qb6 5. Nc3 Nxc3 6. bxc3 Qb2 7. Ne2 e6 8.
Qb1 Qa3 9. Qb3 Qa5 10. f3 Nc6 11. Kf2 d5 12. g4 h5 13. gxh5 Rxh5 14. Bg3 c4 15.
Qb1 e5 16. dxe5 Nxe5 17. a4 a6 18. Nf4 Rh6 19. Qd1 Rd6 20. Ne2 f6 21. Bg2 Bd7
22. Qd4 Re6 23. Rhd1 Bc5 24. Qxd5 Nd3+ 25. Kf1 Rxe3 26. cxd3 Be6 27. Qxb7 Rd8
28. d4 Be7 29. Bc7 Qh5 30. Bxd8 Bd5 31. Nf4 Bxb7 32. Nxh5 Kxd8 33. Nxg7 Rxc3
34. Rac1 1-0

[Event "XIX Autunno Scacchistico Magistrale"]
[Site "Venezia ITA"]
[Date "2013.11.03"]
[Round "5"]
[White "Cardarelli, Angelo"]
[Black "Lodici, Lorenzo"]
[Result "0-1"]
[WhiteElo "2004"]
[BlackElo "2050"]
[PlyCount "102"]
[EventDate "2013.11.01"]

1. c4 e5 2. Nc3 Bb4 3. g3 Bxc3 4. bxc3 d6 5. Bg2 Nc6 6. Rb1 f5 7. Nf3 Nf6 8.
O-O O-O 9. d3 h6 10. Ne1 Kh8 11. Nc2 Ne7 12. Nb4 c6 13. Ba3 g5 14. e4 f4 15. d4
Qc7 16. Nd3 c5 17. dxc5 dxc5 18. Nxc5 Rd8 19. Qa4 Ne8 20. Rbd1 Nd6 21. Nd3 Ng6
22. c5 Nf7 23. Nb4 Be6 24. Nd5 Qc8 25. Qa5 b6 26. cxb6 axb6 27. Qb4 Qa6 28. Bb2
Rab8 29. Nc7 Qxa2 30. Ra1 Qc4 31. Nxe6 Qxe6 32. Ra7 Rd3 33. Rfa1 Rbd8 34. Ra8
Kg7 35. Rxd8 Rxd8 36. Bf1 f3 37. Qc4 Qxc4 38. Bxc4 Rd2 39. Ba3 g4 40. Rb1 Ng5
41. Bf1 Nxe4 42. Bc1 Rd6 43. Bb2 Kf6 44. h4 h5 45. c4 Nd2 46. Rc1 Nb3 47. Ba3
Nxc1 48. Bxd6 Ne2+ 49. Kh2 Ne7 50. Bc7 Nc8 51. Bd8+ Ke6 0-1

[Event "XIX Autunno Scacchistico Magistrale"]
[Site "Venezia ITA"]
[Date "2013.11.03"]
[Round "5"]
[White "Pesco, Giuseppe"]
[Black "Dorigo, Tommaso"]
[Result "0-1"]
[WhiteElo "1936"]
[BlackElo "1998"]
[PlyCount "66"]
[EventDate "2013.11.01"]

1. Nf3 d5 2. g3 Nf6 3. d3 Bf5 4. Bg2 e6 5. Nbd2 Be7 6. O-O O-O 7. Re1 c5 8. c3
Nc6 9. h3 h6 10. Nh4 Bh7 11. e4 Qc7 12. Qe2 dxe4 13. dxe4 Rad8 14. f4 g5 15.
Nhf3 gxf4 16. gxf4 Nh5 17. Nf1 Nxf4 18. Bxf4 Qxf4 19. N1h2 Rd7 20. e5 Rfd8 21.
Rf1 Bd3 22. Qf2 Bxf1 23. Rxf1 Rd1 24. Qe2 Rxf1+ 25. Nxf1 c4 26. b3 Bc5+ 27. Kh1
b5 28. bxc4 bxc4 29. N1d2 Nxe5 30. Nf1 Nxf3 31. Bxf3 Rd3 32. Bg2 Qf2 33. Qg4+
Kf8 0-1